[Event "Wolrd Chess Olympiad 2018"]
[Site "Batumi"]
[Date "2018.10.05"]
[Round "11"]
[Board "1"]
[WhiteFideId "21500150"]
[White "Al Ghamdi Ahmed M"]
[BlackFideId "9100024"]
[Black "Fancy Stuart"]
[Result "0-1"]
[LiveChessVersion "1.4.8"]
[BlackElo "1950"]
[WhiteElo "2126"]

1. e4 {[%clk 1:30:52]} c5 {[%clk 1:30:51]} 2. Nf3 {[%clk 1:31:14]} e6
{[%clk 1:31:18]} 3. Nc3 {[%clk 1:31:38]} Nc6 {[%clk 1:31:28]} 4. g3
{[%clk 1:32:00]} d5 {[%clk 1:29:03]} 5. exd5 {[%clk 1:32:03]} exd5
{[%clk 1:29:27]} 6. d4 {[%clk 1:32:25]} Bg4 {[%clk 1:25:29]} 7. Be2
{[%clk 1:32:37]} h6 {[%clk 1:21:53]} 8. O-O {[%clk 1:32:44]} Nf6 {[%clk 1:22:07]}
9. Re1 {[%clk 1:32:33]} Be7 {[%clk 1:21:49]} 10. dxc5 {[%clk 1:26:34]} O-O
{[%clk 1:21:44]} 11. Nd4 {[%clk 1:24:45]} Bxe2 {[%clk 1:21:51]} 12. Nxc6
{[%clk 1:21:38]} bxc6 {[%clk 1:21:55]} 13. Qxe2 {[%clk 1:19:47]} Bxc5
{[%clk 1:21:26]} 14. Bd2 {[%clk 1:20:13]} Qd7 {[%clk 1:18:57]} 15. Kg2
{[%clk 1:15:54]} Ng4 {[%clk 1:13:40]} 16. Rf1 {[%clk 1:12:09]} Rfe8
{[%clk 1:13:17]} 17. Qf3 {[%clk 1:10:19]} Ne5 {[%clk 1:13:03]} 18. Qh5
{[%clk 1:10:35]} Nc4 {[%clk 1:08:42]} 19. Bc1 {[%clk 1:08:28]} Re5
{[%clk 1:01:33]} 20. Qd1 {[%clk 1:07:12]} Rae8 {[%clk 0:54:12]} 21. b3
{[%clk 1:05:18]} Bb4 {[%clk 0:47:29]} 22. bxc4 {[%clk 0:55:13]} Bxc3
{[%clk 0:47:56]} 23. Rb1 {[%clk 0:55:28]} Qf5 {[%clk 0:37:41]} 24. Bf4
{[%clk 0:51:36]} Re2 {[%clk 0:33:05]} 25. cxd5 {[%clk 0:44:03]} cxd5
{[%clk 0:33:12]} 26. Rb5 {[%clk 0:44:14]} Qe4+ {[%clk 0:32:38]} 27. Kg1
{[%clk 0:44:42]} d4 {[%clk 0:32:46]} 28. Rb8 {[%clk 0:39:04]} Rxb8
{[%clk 0:32:51]} 29. Bxb8 {[%clk 0:39:24]} a5 {[%clk 0:33:05]} 30. Qb1
{[%clk 0:38:32]} Qxc2 {[%clk 0:32:21]} 31. Qb7 {[%clk 0:38:54]} Qxa2
{[%clk 0:30:59]} 32. Qc8+ {[%clk 0:36:54]} Kh7 {[%clk 0:31:23]} 33. Qf5+
{[%clk 0:37:18]} g6 {[%clk 0:31:48]} 34. Qf3 {[%clk 0:37:39]} a4 {[%clk 0:29:39]}
35. Bd6 {[%clk 0:37:23]} Qe6 {[%clk 0:27:18]} 36. Bc5 {[%clk 0:35:25]} Kg7
{[%clk 0:23:30]} 37. Qa8 {[%clk 0:35:24]} Qe8 {[%clk 0:22:55]} 38. Qd5
{[%clk 0:35:36]} Qe5 {[%clk 0:20:17]} 39. Qc4 {[%clk 0:33:26]} Bb2
{[%clk 0:16:47]} 40. Bb4 {[%clk 1:00:59]} Qe4 {[%clk 0:45:31]} 41. Qc5
{[%clk 1:00:37]} Qe6 {[%clk 0:44:31]} 42. Rb1 {[%clk 0:55:04]} Qf6
{[%clk 0:42:44]} 43. f4 {[%clk 0:53:48]} Kh7 {[%clk 0:41:37]} 44. Qd5
{[%clk 0:49:38]} a3 {[%clk 0:40:16]} 45. Qf3 {[%clk 0:39:04]} a2 {[%clk 0:39:37]}
46. Rd1 {[%clk 0:39:27]} Qe6 {[%clk 0:39:43]} 47. Kf1 {[%clk 0:39:22]} Rc2
{[%clk 0:38:58]} 48. Qd3 {[%clk 0:39:31]} Rxh2 {[%clk 0:38:32]} 49. Kg1
{[%clk 0:39:51]} Qh3 {[%clk 0:38:06]} 50. Qf3 {[%clk 0:39:39]} d3
{[%clk 0:37:24]} 51. Bc5 {[%clk 0:39:56]} a1=Q {[%clk 0:37:30]} 52. Rxa1
{[%clk 0:40:04]} Bxa1 {[%clk 0:37:57]} 53. f5 {[%clk 0:40:21]} Qxf5 0-1

[Event "Wolrd Chess Olympiad 2018"]
[Site "Batumi"]
[Date "2018.10.05"]
[Round "11"]
[Board "2"]
[WhiteFideId "9100075"]
[White "Press Shaun"]
[BlackFideId "21501564"]
[Black "Masrahi Abdulrahman A"]
[Result "0-1"]
[LiveChessVersion "1.4.8"]
[BlackElo "1879"]
[WhiteElo "1935"]

1. e4 {[%clk 1:30:57]} e5 {[%clk 1:30:50]} 2. Nf3 {[%clk 1:31:23]} Nc6
{[%clk 1:31:03]} 3. Bb5 {[%clk 1:31:49]} a6 {[%clk 1:31:25]} 4. Ba4
{[%clk 1:32:13]} Nf6 {[%clk 1:31:49]} 5. O-O {[%clk 1:32:33]} Be7
{[%clk 1:32:13]} 6. Re1 {[%clk 1:32:34]} b5 {[%clk 1:32:37]} 7. Bb3
{[%clk 1:33:00]} d6 {[%clk 1:32:53]} 8. c3 {[%clk 1:33:02]} O-O {[%clk 1:33:16]}
9. d4 {[%clk 1:31:48]} Bg4 {[%clk 1:33:31]} 10. d5 {[%clk 1:31:41]} Na5
{[%clk 1:30:33]} 11. Bc2 {[%clk 1:30:05]} c6 {[%clk 1:23:57]} 12. dxc6
{[%clk 1:30:16]} Qc8 {[%clk 1:23:42]} 13. Nbd2 {[%clk 1:29:23]} Qxc6
{[%clk 1:22:06]} 14. Nf1 {[%clk 1:28:06]} Rfd8 {[%clk 1:19:09]} 15. Ne3
{[%clk 1:24:25]} Be6 {[%clk 1:08:05]} 16. Nf1 {[%clk 1:17:42]} Nb7
{[%clk 0:52:13]} 17. Ng3 {[%clk 1:15:24]} a5 {[%clk 0:47:24]} 18. Nh4
{[%clk 1:09:21]} Bg4 {[%clk 0:44:13]} 19. f3 {[%clk 1:06:35]} Be6
{[%clk 0:43:50]} 20. Nhf5 {[%clk 1:06:17]} Qc7 {[%clk 0:41:33]} 21. Bb3
{[%clk 0:55:32]} Nc5 {[%clk 0:36:16]} 22. Bxe6 {[%clk 0:54:26]} Nxe6
{[%clk 0:34:08]} 23. Nxe7+ {[%clk 0:51:11]} Qxe7 {[%clk 0:34:19]} 24. Nf5
{[%clk 0:48:18]} Qc7 {[%clk 0:34:17]} 25. Qe2 {[%clk 0:47:56]} b4
{[%clk 0:30:29]} 26. cxb4 {[%clk 0:40:46]} axb4 {[%clk 0:29:21]} 27. Be3
{[%clk 0:40:17]} g6 {[%clk 0:27:09]} 28. Ng3 {[%clk 0:37:44]} Rdc8
{[%clk 0:22:22]} 29. Rec1 {[%clk 0:36:02]} Qa5 {[%clk 0:21:11]} 30. Qd2
{[%clk 0:35:49]} d5 {[%clk 0:14:14]} 31. exd5 {[%clk 0:35:26]} Nxd5
{[%clk 0:14:11]} 32. Ne2 {[%clk 0:32:18]} Rd8 {[%clk 0:08:33]} 33. Ng3
{[%clk 0:27:23]} Ndf4 {[%clk 0:06:17]} 34. Qc2 {[%clk 0:25:27]} Nd3
{[%clk 0:06:19]} 35. Rd1 {[%clk 0:24:57]} Rac8 {[%clk 0:06:34]} 36. Qe2
{[%clk 0:23:13]} Nef4 {[%clk 0:04:18]} 37. Bxf4 {[%clk 0:20:03]} Nxf4
{[%clk 0:04:43]} 38. Rxd8+ {[%clk 0:19:55]} Qxd8 {[%clk 0:04:51]} 39. Qxe5
{[%clk 0:16:28]} Qd2 {[%clk 0:05:06]} 0-1

[Event "Wolrd Chess Olympiad 2018"]
[Site "Batumi"]
[Date "2018.10.05"]
[Round "11"]
[Board "3"]
[WhiteFideId "21500029"]
[White "Al Habeeb Emad"]
[BlackFideId "9100121"]
[Black "Jones Rupert"]
[Result "1-0"]
[LiveChessVersion "1.4.8"]
[BlackElo "1790"]
[WhiteElo "1910"]

1. d4 {[%clk 1:30:42]} d5 {[%clk 1:30:28]} 2. Nf3 {[%clk 1:31:06]} Nf6
{[%clk 1:28:57]} 3. e3 {[%clk 1:31:00]} Bf5 {[%clk 1:24:49]} 4. Be2
{[%clk 1:29:52]} e6 {[%clk 1:24:24]} 5. Nh4 {[%clk 1:28:41]} h6 {[%clk 1:20:22]}
6. Nxf5 {[%clk 1:28:25]} exf5 {[%clk 1:20:50]} 7. Nd2 {[%clk 1:27:32]} Bd6
{[%clk 1:14:50]} 8. c4 {[%clk 1:25:58]} c6 {[%clk 1:09:28]} 9. c5
{[%clk 1:23:50]} Bc7 {[%clk 1:09:16]} 10. b4 {[%clk 1:23:07]} O-O
{[%clk 1:04:05]} 11. O-O {[%clk 1:23:27]} Ne4 {[%clk 0:56:13]} 12. Nf3
{[%clk 1:13:16]} g5 {[%clk 0:42:38]} 13. Qc2 {[%clk 1:00:19]} Nd7
{[%clk 0:36:22]} 14. g3 {[%clk 0:54:52]} Ndf6 {[%clk 0:30:32]} 15. a4
{[%clk 0:47:04]} a6 {[%clk 0:25:35]} 16. Ne5 {[%clk 0:35:48]} g4 {[%clk 0:20:08]}
17. f3 {[%clk 0:31:53]} gxf3 {[%clk 0:19:48]} 18. Rxf3 {[%clk 0:31:23]} Qc8
{[%clk 0:19:24]} 19. Bb2 {[%clk 0:26:49]} Qe6 {[%clk 0:12:38]} 20. Raf1
{[%clk 0:21:04]} Ng4 {[%clk 0:11:04]} 21. Nxg4 {[%clk 0:16:52]} fxg4
{[%clk 0:11:32]} 22. Rf5 {[%clk 0:16:32]} Qg6 {[%clk 0:11:01]} 23. Bd3
{[%clk 0:15:31]} Rae8 {[%clk 0:10:40]} 24. Bc1 {[%clk 0:13:49]} Re6
{[%clk 0:09:25]} 25. Kg2 {[%clk 0:11:46]} Kg7 {[%clk 0:07:40]} 26. b5
{[%clk 0:11:13]} axb5 {[%clk 0:06:56]} 27. axb5 {[%clk 0:11:32]} f6
{[%clk 0:06:04]} 28. Bxe4 {[%clk 0:08:52]} Rxe4 {[%clk 0:06:17]} 29. bxc6
{[%clk 0:08:43]} bxc6 {[%clk 0:06:40]} 30. Qa4 {[%clk 0:08:50]} Qe8
{[%clk 0:06:20]} 31. Bd2 {[%clk 0:07:01]} Kg6 {[%clk 0:04:58]} 32. Qc2
{[%clk 0:05:45]} Qe6 {[%clk 0:04:41]} 33. R5f2 {[%clk 0:05:58]} f5
{[%clk 0:04:31]} 34. Ra1 {[%clk 0:05:33]} Rf7 {[%clk 0:02:58]} 35. Ra8
{[%clk 0:05:37]} Kg7 {[%clk 0:02:48]} 36. Qd3 {[%clk 0:04:54]} Qf6
{[%clk 0:02:14]} 37. Qa6 {[%clk 0:04:43]} Qe6 {[%clk 0:02:00]} 38. Rc8
{[%clk 0:03:09]} Qd7 {[%clk 0:01:20]} 39. Qa8 {[%clk 0:03:07]} Kg6
{[%clk 0:00:52]} 40. Rg8+ {[%clk 0:32:40]} Rg7 {[%clk 0:31:07]} 41. Qf8
{[%clk 0:28:43]} Rxg8 {[%clk 0:28:54]} 42. Qxg8+ {[%clk 0:28:55]} Kf6
{[%clk 0:26:23]} 43. Rf1 {[%clk 0:17:58]} Re8 {[%clk 0:26:13]} 44. Qxg4
{[%clk 0:18:10]} Re4 {[%clk 0:22:30]} 45. Qh5 {[%clk 0:18:17]} Qh7
{[%clk 0:20:44]} 46. g4 {[%clk 0:15:42]} Qg7 {[%clk 0:20:05]} 47. Qxf5+
{[%clk 0:14:36]} Ke7 {[%clk 0:20:26]} 48. h3 {[%clk 0:14:34]} Re6
{[%clk 0:13:49]} 49. Be1 {[%clk 0:13:38]} Rxe3 {[%clk 0:13:35]} 50. Bh4+
{[%clk 0:13:54]} Ke8 {[%clk 0:12:50]} 51. Qc8+ 1-0

[Event "Wolrd Chess Olympiad 2018"]
[Site "Batumi"]
[Date "2018.10.05"]
[Round "11"]
[Board "1"]
[WhiteFideId "7501013"]
[White "Bemmelen van Ursus"]
[BlackFideId "10400222"]
[Black "Karelina Polina"]
[Result "1-0"]
[LiveChessVersion "1.4.8"]
[BlackElo "1631"]
[WhiteElo "2152"]

1. Nf3 {[%clk 1:30:57]} Nf6 {[%clk 1:30:37]} 2. c4 {[%clk 1:31:11]} g6
{[%clk 1:30:38]} 3. b3 {[%clk 1:30:49]} Bg7 {[%clk 1:30:50]} 4. Bb2
{[%clk 1:31:17]} O-O {[%clk 1:30:49]} 5. g3 {[%clk 1:31:36]} d6 {[%clk 1:31:03]}
6. d4 {[%clk 1:31:38]} Nc6 {[%clk 1:29:02]} 7. d5 {[%clk 1:31:11]} Nb8
{[%clk 1:28:54]} 8. Bg2 {[%clk 1:31:19]} e5 {[%clk 1:28:59]} 9. dxe6
{[%clk 1:31:41]} fxe6 {[%clk 1:25:52]} 10. O-O {[%clk 1:31:56]} a5
{[%clk 1:25:14]} 11. Nd4 {[%clk 1:25:46]} e5 {[%clk 1:21:44]} 12. Nb5
{[%clk 1:26:02]} Nc6 {[%clk 1:21:44]} 13. N1c3 {[%clk 1:26:22]} Bf5
{[%clk 1:20:41]} 14. Rc1 {[%clk 1:24:02]} Qd7 {[%clk 1:19:38]} 15. Nd5
{[%clk 1:23:46]} Rac8 {[%clk 1:16:36]} 16. Nxf6+ {[%clk 0:56:31]} Rxf6
{[%clk 1:15:17]} 17. Nc3 {[%clk 0:53:39]} Bh3 {[%clk 1:13:09]} 18. Ne4
{[%clk 0:52:22]} Rf7 {[%clk 1:09:47]} 19. Bxh3 {[%clk 0:47:58]} Qxh3
{[%clk 1:09:45]} 20. Ng5 {[%clk 0:48:20]} Qf5 {[%clk 1:07:19]} 21. Nxf7
{[%clk 0:48:35]} Qxf7 {[%clk 1:07:46]} 22. Qd5 {[%clk 0:47:20]} Qxd5
{[%clk 1:07:59]} 23. cxd5 {[%clk 0:47:43]} Nb4 {[%clk 1:08:17]} 24. Rfd1
{[%clk 0:47:56]} Na6 {[%clk 1:02:26]} 25. Rc4 {[%clk 0:43:14]} b5
{[%clk 1:01:33]} 26. Rc6 {[%clk 0:42:44]} Nb4 {[%clk 0:57:44]} 27. Rcc1
{[%clk 0:42:54]} Kf7 {[%clk 0:54:50]} 28. a3 {[%clk 0:36:03]} Na6
{[%clk 0:54:47]} 29. Bc3 {[%clk 0:29:16]} b4 {[%clk 0:54:41]} 30. axb4
{[%clk 0:29:32]} axb4 {[%clk 0:54:34]} 31. Bd2 {[%clk 0:29:44]} Nc5
{[%clk 0:52:25]} 32. Bxb4 {[%clk 0:29:51]} Nxb3 {[%clk 0:52:31]} 33. Rc4
{[%clk 0:27:28]} Bf8 {[%clk 0:51:38]} 34. Rb1 {[%clk 0:20:32]} Nc5
{[%clk 0:48:28]} 35. Ra1 {[%clk 0:20:35]} Ke8 {[%clk 0:47:18]} 36. Ra7
{[%clk 0:20:39]} Kd7 {[%clk 0:47:15]} 37. Ba5 {[%clk 0:20:12]} Be7
{[%clk 0:47:08]} 38. Kg2 {[%clk 0:14:46]} Bd8 {[%clk 0:47:04]} 39. Rb4
{[%clk 0:10:39]} Bg5 {[%clk 0:46:17]} 40. Rg4 {[%clk 0:39:46]} Bc1
{[%clk 1:15:43]} 41. Rh4 {[%clk 0:37:24]} h6 {[%clk 1:16:03]} 42. e3
{[%clk 0:37:30]} h5 {[%clk 1:14:52]} 43. g4 {[%clk 0:36:12]} Nd3 {[%clk 1:13:41]}
44. gxh5 {[%clk 0:35:45]} gxh5 {[%clk 1:13:31]} 45. Rxh5 {[%clk 0:34:31]} 1-0

[Event "Wolrd Chess Olympiad 2018"]
[Site "Batumi"]
[Date "2018.10.05"]
[Round "11"]
[Board "2"]
[WhiteFideId "10400583"]
[White "Moncur Cecil"]
[BlackFideId "7501005"]
[Black "Capella Rurik"]
[Result "1/2-1/2"]
[LiveChessVersion "1.4.8"]
[BlackElo "1979"]
[WhiteElo "1873"]

1. d4 {[%clk 1:30:50]} Nf6 {[%clk 1:30:38]} 2. c4 {[%clk 1:31:18]} e5
{[%clk 1:30:40]} 3. dxe5 {[%clk 1:30:57]} Ng4 {[%clk 1:30:57]} 4. Nf3
{[%clk 1:31:12]} Bc5 {[%clk 1:31:06]} 5. e3 {[%clk 1:30:58]} Nc6 {[%clk 1:31:28]}
6. a3 {[%clk 1:29:25]} a5 {[%clk 1:31:43]} 7. b3 {[%clk 1:28:30]} Ngxe5
{[%clk 1:29:41]} 8. Nxe5 {[%clk 1:27:18]} Nxe5 {[%clk 1:30:02]} 9. Bb2
{[%clk 1:27:31]} d6 {[%clk 1:29:52]} 10. Be2 {[%clk 1:27:11]} O-O
{[%clk 1:29:41]} 11. Nd2 {[%clk 1:26:16]} f5 {[%clk 1:28:40]} 12. Nf3
{[%clk 1:24:07]} Nxf3+ {[%clk 1:20:04]} 13. Bxf3 {[%clk 1:15:26]} f4
{[%clk 1:17:39]} 14. e4 {[%clk 1:14:30]} c6 {[%clk 1:14:52]} 15. O-O
{[%clk 1:13:47]} Qg5 {[%clk 1:14:13]} 16. Qd2 {[%clk 1:13:04]} Bg4
{[%clk 1:06:19]} 17. Kh1 {[%clk 1:12:40]} Bb6 {[%clk 0:54:52]} 18. Qxd6
{[%clk 1:05:29]} Rad8 {[%clk 0:51:30]} 19. Qe5 {[%clk 1:04:33]} Qxe5
{[%clk 0:43:58]} 20. Bxe5 {[%clk 1:05:01]} Bxf3 {[%clk 0:44:26]} 21. gxf3
{[%clk 1:04:39]} Bd4 {[%clk 0:44:38]} 22. Bxd4 {[%clk 1:04:38]} Rxd4
{[%clk 0:45:06]} 23. Rg1 {[%clk 1:01:13]} h6 {[%clk 0:43:40]} 24. Rg4
{[%clk 1:01:03]} Rd3 {[%clk 0:42:24]} 25. b4 {[%clk 0:55:24]} axb4
{[%clk 0:41:53]} 26. axb4 {[%clk 0:55:40]} Rxf3 {[%clk 0:42:11]} 27. Kg2
{[%clk 0:55:43]} Rb3 {[%clk 0:40:24]} 28. Ra4 {[%clk 0:55:28]} h5
{[%clk 0:21:57]} 29. Rg5 {[%clk 0:52:54]} h4 {[%clk 0:21:05]} 30. Rh5
{[%clk 0:52:19]} Rf6 {[%clk 0:20:49]} 31. Rxh4 {[%clk 0:47:20]} Rg6+
{[%clk 0:19:27]} 32. Kf1 {[%clk 0:47:27]} f3 {[%clk 0:18:35]} 33. Ra1
{[%clk 0:47:18]} Rxb4 {[%clk 0:17:55]} 34. c5 {[%clk 0:43:24]} Rc4
{[%clk 0:15:59]} 35. Rf4 {[%clk 0:39:47]} Rc3 {[%clk 0:12:01]} 36. e5
{[%clk 0:37:11]} Rxc5 {[%clk 0:09:22]} 37. Ra8+ {[%clk 0:36:37]} Kh7
{[%clk 0:09:40]} 38. Rxf3 {[%clk 0:36:09]} Rxe5 {[%clk 0:09:58]} 39. Rb3
{[%clk 0:35:54]} b5 {[%clk 0:09:50]} 40. Rc8 {[%clk 1:05:45]} Rh5
{[%clk 0:36:31]} 41. Rc3 {[%clk 1:00:53]} Rhh6 {[%clk 0:31:22]} 42. Rc7
{[%clk 0:59:21]} Rd6 {[%clk 0:28:49]} 43. Rg3 {[%clk 0:56:10]} Rdg6
{[%clk 0:28:30]} 44. Rc3 {[%clk 0:55:06]} Re6 {[%clk 0:28:19]} 45. Rg3
{[%clk 0:54:39]} Rhg6 1/2-1/2

[Event "Wolrd Chess Olympiad 2018"]
[Site "Batumi"]
[Date "2018.10.05"]
[Round "11"]
[Board "3"]
[WhiteFideId "7500041"]
[White "Izijk Jimmy"]
[BlackFideId "10400044"]
[Black "Small Byron"]
[Result "1/2-1/2"]
[LiveChessVersion "1.4.8"]
[BlackElo "1721"]
[WhiteElo "1995"]

1. d4 {[%clk 1:30:51]} d5 {[%clk 1:30:50]} 2. Nf3 {[%clk 1:31:14]} Nf6
{[%clk 1:29:55]} 3. c4 {[%clk 1:31:32]} e6 {[%clk 1:29:47]} 4. g3
{[%clk 1:31:17]} Nbd7 {[%clk 1:28:14]} 5. Bg2 {[%clk 1:31:30]} Bb4+
{[%clk 1:27:33]} 6. Bd2 {[%clk 1:31:46]} Qe7 {[%clk 1:26:18]} 7. Qc2
{[%clk 1:30:56]} c6 {[%clk 1:25:41]} 8. O-O {[%clk 1:30:24]} dxc4
{[%clk 1:25:12]} 9. Qxc4 {[%clk 1:30:33]} Bxd2 {[%clk 1:25:36]} 10. Nbxd2
{[%clk 1:30:42]} O-O {[%clk 1:25:54]} 11. e3 {[%clk 1:28:43]} e5 {[%clk 1:25:01]}
12. dxe5 {[%clk 1:28:05]} Nxe5 {[%clk 1:25:21]} 13. Qc2 {[%clk 1:26:38]} Bg4
{[%clk 1:22:04]} 14. Nd4 {[%clk 1:22:42]} Nd5 {[%clk 1:17:35]} 15. a3
{[%clk 1:19:00]} Rad8 {[%clk 1:08:16]} 16. b4 {[%clk 1:18:00]} Rd7
{[%clk 0:58:24]} 17. Rfc1 {[%clk 1:14:51]} a6 {[%clk 0:54:31]} 18. Nc4
{[%clk 1:10:36]} Nxc4 {[%clk 0:54:02]} 19. Qxc4 {[%clk 1:10:55]} Nxe3
{[%clk 0:54:14]} 20. Nxc6 {[%clk 1:10:28]} bxc6 {[%clk 0:53:09]} 21. fxe3
{[%clk 1:10:22]} Qxe3+ {[%clk 0:53:12]} 22. Kh1 {[%clk 1:10:07]} Bf3
{[%clk 0:53:14]} 23. Rc2 {[%clk 1:04:15]} Rfd8 {[%clk 0:51:11]} 24. Rf1
{[%clk 0:58:43]} Rd1 {[%clk 0:48:32]} 25. Rc1 {[%clk 0:39:56]} Bxg2+
{[%clk 0:42:10]} 26. Kxg2 {[%clk 0:36:29]} R8d2+ {[%clk 0:42:19]} 27. Kh3
{[%clk 0:30:46]} Qh6+ {[%clk 0:42:33]} 28. Qh4 {[%clk 0:31:02]} Qe6+
{[%clk 0:42:14]} 29. Qg4 {[%clk 0:26:17]} Rxh2+ {[%clk 0:34:27]} 30. Kxh2
{[%clk 0:25:00]} Qxg4 {[%clk 0:34:55]} 31. Rfxd1 {[%clk 0:24:59]} g6
{[%clk 0:34:34]} 32. Rd2 {[%clk 0:24:18]} Qf3 {[%clk 0:33:18]} 33. Rd6
{[%clk 0:18:05]} Qxa3 {[%clk 0:27:29]} 34. Rcxc6 {[%clk 0:18:15]} Qxb4
{[%clk 0:26:17]} 35. Rxa6 {[%clk 0:18:41]} Qb2+ {[%clk 0:24:32]} 36. Kh3
{[%clk 0:18:13]} h5 {[%clk 0:24:10]} 37. Rd1 {[%clk 0:15:10]} Qe2
{[%clk 0:22:31]} 38. Rad6 {[%clk 0:15:27]} Qg4+ {[%clk 0:22:55]} 39. Kh2
{[%clk 0:15:27]} h4 {[%clk 0:20:33]} 40. gxh4 {[%clk 0:45:38]} Qxh4+
{[%clk 0:50:50]} 41. Kg2 {[%clk 0:45:51]} Kg7 {[%clk 0:50:23]} 42. Rd7
{[%clk 0:39:55]} g5 {[%clk 0:49:16]} 43. R7d4 {[%clk 0:38:42]} Qh5
{[%clk 0:49:22]} 44. Rd5 {[%clk 0:38:08]} f6 {[%clk 0:49:31]} 45. Rd7+
{[%clk 0:37:24]} Kg6 {[%clk 0:49:55]} 46. R7d5 {[%clk 0:36:57]} Qh4
{[%clk 0:49:41]} 47. Rd8 {[%clk 0:35:41]} Qe4+ {[%clk 0:49:22]} 48. Kf2
{[%clk 0:34:41]} g4 {[%clk 0:49:05]} 49. R1d3 {[%clk 0:33:40]} Kg5
{[%clk 0:48:59]} 50. Rg8+ {[%clk 0:32:54]} Kf5 {[%clk 0:49:15]} 51. Rgd8
{[%clk 0:32:58]} Qf4+ {[%clk 0:49:22]} 52. Kg2 {[%clk 0:32:53]} Kg6
{[%clk 0:45:05]} 53. R8d4 {[%clk 0:31:52]} 1/2-1/2

[Event "Wolrd Chess Olympiad 2018"]
[Site "Batumi"]
[Date "2018.10.05"]
[Round "11"]
[Board "4"]
[WhiteFideId "10400796"]
[White "Skinner Francis"]
[BlackFideId "7500564"]
[Black "Pietersz David"]
[Result "0-1"]
[LiveChessVersion "1.4.8"]
[BlackElo "1831"]
[WhiteElo "1591"]

1. d4 {[%clk 1:30:56]} Nf6 {[%clk 1:30:49]} 2. Nf3 {[%clk 1:31:12]} e6
{[%clk 1:31:09]} 3. Bf4 {[%clk 1:31:28]} d5 {[%clk 1:31:08]} 4. e3
{[%clk 1:31:30]} c5 {[%clk 1:30:50]} 5. c3 {[%clk 1:31:24]} Nc6 {[%clk 1:31:09]}
6. Bd3 {[%clk 1:31:26]} Bd6 {[%clk 1:30:47]} 7. Bxd6 {[%clk 1:31:20]} Qxd6
{[%clk 1:31:09]} 8. Nbd2 {[%clk 1:31:23]} b6 {[%clk 1:27:10]} 9. O-O
{[%clk 1:30:10]} O-O {[%clk 1:26:06]} 10. Re1 {[%clk 1:30:14]} e5
{[%clk 1:11:36]} 11. dxe5 {[%clk 1:28:21]} Nxe5 {[%clk 1:11:55]} 12. Nxe5
{[%clk 1:28:34]} Qxe5 {[%clk 1:12:21]} 13. Nf3 {[%clk 1:23:56]} Qe7
{[%clk 1:09:33]} 14. h3 {[%clk 1:17:50]} Bb7 {[%clk 1:08:46]} 15. Qe2
{[%clk 1:14:55]} Rfe8 {[%clk 1:01:42]} 16. Rad1 {[%clk 1:13:09]} Rad8
{[%clk 0:58:56]} 17. a3 {[%clk 1:07:25]} Nd7 {[%clk 0:51:40]} 18. Qc2
{[%clk 1:01:17]} h6 {[%clk 0:51:35]} 19. Qa4 {[%clk 0:55:23]} a6 {[%clk 0:47:54]}
20. Re2 {[%clk 0:50:58]} c4 {[%clk 0:42:18]} 21. Bb1 {[%clk 0:50:12]} Nc5
{[%clk 0:42:29]} 22. Qc2 {[%clk 0:49:02]} g6 {[%clk 0:42:31]} 23. Rd4
{[%clk 0:43:41]} Bc8 {[%clk 0:39:17]} 24. Qd1 {[%clk 0:39:33]} Bb7
{[%clk 0:32:15]} 25. Nd2 {[%clk 0:36:20]} Rd6 {[%clk 0:28:23]} 26. Nxc4
{[%clk 0:33:41]} Rf6 {[%clk 0:26:27]} 27. Nd2 {[%clk 0:31:56]} Ne6
{[%clk 0:25:33]} 28. Rg4 {[%clk 0:26:25]} h5 {[%clk 0:25:14]} 29. Rg3
{[%clk 0:24:17]} Nf4 {[%clk 0:24:10]} 30. exf4 {[%clk 0:18:56]} Qxe2
{[%clk 0:24:33]} 31. Qxe2 {[%clk 0:17:57]} Rxe2 {[%clk 0:24:57]} 32. Nf3
{[%clk 0:14:00]} Rxb2 {[%clk 0:24:20]} 33. Bd3 {[%clk 0:11:43]} Kf8
{[%clk 0:21:05]} 34. c4 {[%clk 0:07:23]} dxc4 {[%clk 0:20:13]} 35. Bxc4
{[%clk 0:04:19]} Rxf4 {[%clk 0:20:11]} 36. Bf1 {[%clk 0:01:36]} a5
{[%clk 0:19:19]} 37. Ne1 {[%clk 0:01:00]} Rbxf2 {[%clk 0:18:20]} 38. Nf3
{[%clk 0:00:42]} Ra2 {[%clk 0:18:26]} 39. Ne1 {[%clk 0:00:39]} Ra4
{[%clk 0:16:55]} 0-1

[Event "Wolrd Chess Olympiad 2018"]
[Site "Batumi"]
[Date "2018.10.05"]
[Round "11"]
[Board "1"]
[WhiteFideId "20700245"]
[White "Hlophe Smilo"]
[BlackFideId "21200149"]
[Black "Ephoevi-Ga Adama Mawulikplimi"]
[Result "1-0"]
[LiveChessVersion "1.4.8"]
[BlackElo "1848"]
[WhiteElo "1608"]

1. Nf3 {[%clk 1:31:22]} Nf6 2. c4 e6 {[%clk 1:26:56]} 3. g3 {[%clk 1:26:57]} d5
{[%clk 1:27:06]} 4. Bg2 {[%clk 1:27:25]} c6 {[%clk 1:26:15]} 5. d4
{[%clk 1:27:50]} Bb4+ {[%clk 1:23:37]} 6. Nc3 {[%clk 1:28:16]} Nbd7
{[%clk 1:16:37]} 7. Qb3 {[%clk 1:28:25]} a5 {[%clk 1:13:27]} 8. O-O
{[%clk 1:28:23]} O-O {[%clk 1:10:49]} 9. a3 {[%clk 1:28:41]} Bd6 {[%clk 1:07:04]}
10. Re1 {[%clk 1:26:09]} dxc4 {[%clk 1:00:49]} 11. Qxc4 {[%clk 1:26:35]} e5
{[%clk 0:59:40]} 12. Bg5 {[%clk 1:26:08]} Qc7 {[%clk 0:44:52]} 13. e4
{[%clk 1:20:44]} exd4 {[%clk 0:38:51]} 14. Nxd4 {[%clk 1:18:52]} Be5
{[%clk 0:33:53]} 15. Rad1 {[%clk 1:08:47]} Nb6 {[%clk 0:28:01]} 16. Qb3
{[%clk 1:07:58]} Bg4 {[%clk 0:25:55]} 17. f3 {[%clk 1:05:43]} Rad8
{[%clk 0:23:15]} 18. Be3 {[%clk 1:05:58]} Bd7 {[%clk 0:21:22]} 19. Nxc6
{[%clk 1:04:44]} Qxc6 {[%clk 0:19:51]} 20. Qxb6 {[%clk 1:04:40]} Bc7
{[%clk 0:18:16]} 21. Qxc6 {[%clk 1:03:13]} Bxc6 {[%clk 0:18:28]} 22. Rxd8
{[%clk 0:59:04]} Rxd8 {[%clk 0:18:48]} 23. Rd1 {[%clk 0:59:13]} Kf8
{[%clk 0:15:24]} 24. Rxd8+ {[%clk 0:59:21]} Bxd8 {[%clk 0:15:47]} 25. e5
{[%clk 0:58:43]} Nd7 {[%clk 0:13:09]} 26. f4 {[%clk 0:59:03]} Bb6
{[%clk 0:12:05]} 27. Bxb6 {[%clk 0:58:06]} Nxb6 {[%clk 0:12:20]} 28. Bxc6
{[%clk 0:58:19]} bxc6 {[%clk 0:12:45]} 29. b3 {[%clk 0:53:09]} Ke7
{[%clk 0:12:44]} 30. Kf2 {[%clk 0:49:48]} Ke6 {[%clk 0:12:26]} 31. Ne4
{[%clk 0:49:24]} h6 {[%clk 0:10:11]} 32. Ke3 {[%clk 0:48:47]} Nd7
{[%clk 0:07:09]} 33. Kd4 {[%clk 0:47:45]} Kf5 {[%clk 0:04:35]} 34. Nd6+
{[%clk 0:47:27]} Kg4 {[%clk 0:03:23]} 35. Nxf7 {[%clk 0:47:35]} Nf8
{[%clk 0:03:06]} 36. Kc5 {[%clk 0:47:44]} Ne6+ {[%clk 0:01:45]} 37. Kd6
{[%clk 0:44:41]} Nd4 {[%clk 0:01:19]} 38. e6 {[%clk 0:44:50]} Nb5+
{[%clk 0:00:55]} 39. Kd7 {[%clk 0:44:58]} Nd4 {[%clk 0:00:44]} 40. e7
{[%clk 1:14:53]} c5 {[%clk 0:30:37]} 41. Ne5+ {[%clk 1:15:05]} Kh3
{[%clk 0:27:01]} 42. e8=Q {[%clk 1:15:22]} 1-0